00870nam a2200181 i 450000100060000000300090000600500170001500700030003200800410003511101110007624501800018726000560036730000200042360000710044385200340051499900170054895201230056546654ES-MaACL20231129150407.0t|030331s1983 sp ||||1| spa d2 aCongreso Internacional Conmemorativo del Centenario de Juan Ramón Jiménez (d1981. cLa Rábida)940310aActas del Congreso Internacional Conmemorativo del Centenario de Juan Ramón Jiménez organizado por la excma. Diputación Provincial de Huelva y la Universidad de Sevilla. aHuelva : bInstituto de Estudios Onubenses, c1983. a2 v. ; c24 cm.14aJiménez, Juan Ramón,d1881-1958-vCongresos y asambleas966421 aES-MaACLjL-5653-4 bR.105718 c46654d46654 00104070aATENEOMbATENEOMcDEPO2d2008-01-17eSCl0oL-5653-4p1049070r2023-02-23 00:00:00w2023-02-23yMONOGRAFIA